000 00564nam a2200181Ia 4500
008 100921s9999 xx 000 0 und d
082 _b42859
_a891.463 न 08
100 _aनरवणे सुधा.
245 _aघायाळ.
260 _bनिशिगंधा प्रकाशन,पुणे.
_c2008
300 _a272
_bजयेश एजन्सी,पुणे.
365 _b280
520 _aललित-कथा.
630 _aघायाळ.
650 _aललित-कथा.
730 _aघायाळ.
942 _cBOOK
999 _c791972
_d791969